[Event "HUN-chT2 Charousek 1819"]
[Site "Hungary"]
[Date "2018.11.18"]
[Round "4.8"]
[White "Nagy, Tamas1111"]
[Black "Takacs, Gergo"]
[Result "1/2-1/2"]
[WhiteElo "1992"]
[BlackElo "2222"]
[PlyCount "73"]
[EventDate "2018.09.23"]
[EventType "team-tourn"]
[EventRounds "11"]
[EventCountry "HUN"]
[SourceTitle "CBM 189 Extra"]
[Source "ChessBase"]
[SourceDate "2019.06.03"]
[SourceVersion "1"]
[SourceVersionDate "2019.06.03"]
[SourceQuality "1"]
[WhiteTeam "Gyor Szechenyi"]
[BlackTeam "Haladas Szombathely II"]
[WhiteTeamCountry "HUN"]
[BlackTeamCountry "HUN"]

1. e4 c5 2. Nc3 d6 3. f4 e6 4. Nf3 Nc6 5. Bb5 Qc7 6. 0-0 Bd7 7. d3 Nge7 8. Qe1 g6 9. Be3 Bg7 10. Qh4 Nd4 11. Bxd7+ Qxd7 12. Rf2 0-0-0 13. Bxd4 cxd4 14. Ne2 Nc6 15. c3 dxc3 16. bxc3 f5 17. Rb1 h6 18. Ned4 g5 19. fxg5 hxg5 20. Qxg5 Bh6 21. Qf6 Be3 22. Qxe6 fxe4 23. Qxe4 Rde8 24. Qf5 Ne5 25. Qxd7+ Kxd7 26. Nxe5+ dxe5 27. Nf3 b6 28. Re1 Bxf2+ 29. Kxf2 Kd6 30. g4 b5 31. h4 Rc8 32. Rxe5 Rxc3 33. Rxb5 Rc2+ 34. Kg3 Rxa2 35. g5 a5 36. Ne5 Ke6 37. Nc4 1/2-1/2

[Event "HUN-chT2 Szechenyi 1718"]
[Site "Hungary"]
[Date "2018.01.28"]
[Round "5.1"]
[White "Takacs, Gergo"]
[Black "Jonas, Zsolt"]
[Result "1-0"]
[WhiteElo "2229"]
[BlackElo "2083"]
[PlyCount "63"]
[EventDate "2017.10.29"]
[EventType "team-tourn"]
[EventRounds "9"]
[EventCountry "HUN"]
[SourceTitle "EXT 2021"]
[Source "ChessBase"]
[SourceDate "2020.10.23"]
[SourceVersion "1"]
[SourceVersionDate "2020.10.23"]
[SourceQuality "1"]
[WhiteTeam "Haladas Szombathely III"]
[BlackTeam "Veszprem Ezust Huszar"]
[WhiteTeamCountry "HUN"]
[BlackTeamCountry "HUN"]

1. e4 c5 2. Nf3 d6 3. d4 cxd4 4. Qxd4 Nc6 5. Bb5 Bd7 6. Bxc6 Bxc6 7. Nc3 e6 8. Qd3 Nf6 9. Bg5 h6 10. Bd2 d5 11. e5 Nd7 12. 0-0 Bc5 13. Be3 Qb6 14. Bxc5 Qxc5 15. Rfe1 0-0 16. Nd4 a6 17. Re3 Nb6 18. Rg3 Nc4 19. Re1 Nxb2 20. Qe3 Kh7 21. Rxg7+ Kxg7 22. Nxe6+ fxe6 23. Qxc5 Rf7 24. Ne2 Bd7 25. Ng3 Rc8 26. Qe3 Rxc2 27. Nh5+ Kg6 28. Nf6 Kg7 29. Qg3+ Kf8 30. Qg8+ Ke7 31. Nxd7 Rfxf2 32. Nf6 1-0

[Event "HUN-chT2 Szechenyi 1617"]
[Site "Hungary"]
[Date "2016.10.09"]
[Round "2"]
[White "Takacs, Gergo"]
[Black "Finy, Mark"]
[Result "1-0"]
[WhiteElo "2216"]
[BlackElo "1874"]
[PlyCount "35"]
[EventDate "2016.09.25"]
[EventType "team-tourn"]
[EventRounds "11"]
[EventCountry "HUN"]
[SourceTitle "EXT 2021"]
[Source "ChessBase"]
[SourceDate "2020.10.23"]
[SourceVersion "1"]
[SourceVersionDate "2020.10.23"]
[SourceQuality "1"]
[WhiteTeam "Haladas Szombathely III"]
[BlackTeam "Arboretum"]
[WhiteTeamCountry "HUN"]
[BlackTeamCountry "HUN"]

1. e4 d5 2. exd5 Qxd5 3. Nc3 Qa5 4. d4 Nf6 5. Nf3 c6 6. h3 Bf5 7. Bd2 e6 8. Bc4 Nbd7 9. Qe2 Be7 10. d5 cxd5 11. Nxd5 Qd8 12. Nxe7 Qxe7 13. a3 Nd5 14. 0-0 Bxc2 15. Bg5 f6 16. Qxc2 fxg5 17. Bxd5 exd5 18. Rfe1 1-0

[Event "HUN-chT2 Charousek 1516"]
[Site "Hungary"]
[Date "2016.04.03"]
[Round "8.5"]
[White "Solty, Laszlo"]
[Black "Takacs, Gergo"]
[Result "1/2-1/2"]
[WhiteElo "2133"]
[BlackElo "2218"]
[PlyCount "61"]
[EventDate "2015.10.18"]
[EventType "team-tourn"]
[EventRounds "9"]
[EventCountry "HUN"]
[SourceTitle "EXT 2017"]
[Source "ChessBase"]
[SourceDate "2016.10.25"]
[SourceVersion "1"]
[SourceVersionDate "2016.10.25"]
[SourceQuality "1"]
[WhiteTeam "Komlo"]
[BlackTeam "Haladas II"]
[WhiteTeamCountry "HUN"]
[BlackTeamCountry "HUN"]

1. e4 c5 2. Nf3 d6 3. d4 cxd4 4. Nxd4 Nf6 5. Nc3 a6 6. Bg5 e6 7. f4 Be7 8. Qf3 Qc7 9. 0-0-0 h6 10. Bh4 Nbd7 11. Bd3 g5 12. fxg5 Ne5 13. Qe2 Nfg4 14. h3 hxg5 15. Bg3 Nf6 16. Bf2 Bd7 17. Nf3 Nh5 18. Nxe5 Nf4 19. Qf3 dxe5 20. Bf1 Rh7 21. g3 Ng6 22. Bg2 Rc8 23. Kb1 b5 24. Rc1 b4 25. Ne2 f5 26. Qb3 a5 27. c4 Bc5 28. Bxc5 Qxc5 29. Qd3 f4 30. Qf3 Qe7 31. Qf2 1/2-1/2

[Event "HUN-chT2 Szechenyi 1516"]
[Site "Hungary"]
[Date "2015.10.04"]
[Round "2.1"]
[White "Fendrik, Lajos"]
[Black "Takacs, Gergo"]
[Result "0-1"]
[WhiteElo "2146"]
[BlackElo "2247"]
[PlyCount "80"]
[EventDate "2015.09.13"]
[EventType "team-tourn"]
[EventRounds "11"]
[EventCountry "HUN"]
[SourceTitle "CBM 170 Extra"]
[Source "ChessBase"]
[SourceDate "2016.02.25"]
[SourceVersion "1"]
[SourceVersionDate "2016.02.25"]
[SourceQuality "1"]
[WhiteTeam "Zala Volan"]
[BlackTeam "HVSE Infraplan"]
[WhiteTeamCountry "HUN"]
[BlackTeamCountry "HUN"]

1. d4 Nf6 2. c4 e6 3. Nc3 Bb4 4. Qc2 d5 5. cxd5 exd5 6. Bg5 c5 7. dxc5 d4 8. a3 Bxc5 9. Bxf6 gxf6 10. Ne4 Be7 11. Nf3 Nc6 12. Rd1 Qb6 13. g3 Be6 14. Ned2 Rc8 15. Qb1 a5 16. Bg2 h5 17. 0-0 f5 18. Ne1 Bd6 19. Nef3 Be7 20. Rc1 Qb5 21. Rxc6 Qxc6 22. Nxd4 Qd6 23. e3 Bf6 24. N2f3 Qc5 25. Bh3 h4 26. Bxf5 Bxf5 27. Qxf5 Qxf5 28. Nxf5 Rc2 29. b4 hxg3 30. hxg3 a4 31. Nd6+ Ke7 32. Nxb7 Rc3 33. Rd1 Rxa3 34. Nc5 Rb8 35. Na6 Rd8 36. Rc1 Ra1 37. Rxa1 Bxa1 38. b5 Rd1+ 39. Kg2 Rb1 40. Nc5 a3 0-1

[Event "HUN-chT 1415"]
[Site "Hungary"]
[Date "2015.03.22"]
[Round "8.2"]
[White "Medve, Mark"]
[Black "Takacs, Gergo"]
[Result "1/2-1/2"]
[WhiteElo "2110"]
[BlackElo "2276"]
[PlyCount "70"]
[EventDate "2014.10.12"]
[EventType "team-tourn"]
[EventRounds "9"]
[EventCountry "HUN"]
[SourceTitle "EXT 2016"]
[Source "ChessBase"]
[SourceDate "2015.10.08"]
[SourceVersion "1"]
[SourceVersionDate "2015.10.08"]
[SourceQuality "1"]
[WhiteTeam "Penzugyor"]
[BlackTeam "HVSE Infraplan"]
[WhiteTeamCountry "HUN"]
[BlackTeamCountry "HUN"]

1. d4 Nf6 2. c4 e6 3. Nf3 b6 4. g3 Bb7 5. Bg2 Be7 6. 0-0 0-0 7. Nc3 d5 8. Re1 Na6 9. Bg5 Ne4 10. Bxe7 Qxe7 11. cxd5 exd5 12. Qa4 Rfd8 13. Rac1 c5 14. Qa3 Qf6 15. e3 Nb4 16. Red1 a5 17. b3 h5 18. Qb2 Qf5 19. a3 Na6 20. dxc5 bxc5 21. Nxe4 Qxe4 22. Ne5 Qf5 23. Nd3 Rac8 24. Nf4 Rb8 25. Qe2 h4 26. gxh4 Rd6 27. Qh5 Qxh5 28. Nxh5 d4 29. exd4 Bxg2 30. Kxg2 Rxb3 31. dxc5 Rxd1 32. Rxd1 Nxc5 33. Rd5 Rc3 34. Nf4 Kf8 35. Ne2 Rc4 1/2-1/2

[Event "HUN-chT2 Szechenyi 1415"]
[Site "Hungary"]
[Date "2014.09.21"]
[Round "2.4"]
[White "Arvai, Eszter"]
[Black "Takacs, Gergo"]
[Result "0-1"]
[WhiteElo "2098"]
[BlackElo "2271"]
[PlyCount "72"]
[EventDate "2014.09.07"]
[EventType "team-tourn"]
[EventRounds "11"]
[EventCountry "HUN"]
[SourceTitle "EXT 2016"]
[Source "ChessBase"]
[SourceDate "2015.10.08"]
[SourceVersion "1"]
[SourceVersionDate "2015.10.08"]
[SourceQuality "1"]
[WhiteTeam "Tapolca"]
[BlackTeam "HVSE Infraplan"]
[WhiteTeamCountry "HUN"]
[BlackTeamCountry "HUN"]

1. d4 Nf6 2. Nf3 b6 3. e3 Bb7 4. Bd3 e6 5. 0-0 Be7 6. Nbd2 d5 7. b3 0-0 8. Bb2 Nbd7 9. Ne5 c5 10. f4 Ne4 11. Rf3 f6 12. Nxd7 Qxd7 13. Rh3 g6 14. Nf3 Rac8 15. c3 c4 16. Bb1 a5 17. Nh4 f5 18. Nf3 Qb5 19. Bxe4 dxe4 20. Ne5 Bd5 21. Qe1 cxb3 22. Qg3 Rf6 23. Qh4 Rf7 24. Qh6 Bf8 25. Qg5 Rg7 26. c4 Rxc4 27. Nxc4 Qxc4 28. Rc1 Qe2 29. Ba3 b2 30. Bxb2 Qxb2 31. Rc8 Qa1+ 32. Kf2 Qxa2+ 33. Kg1 Qa1+ 34. Kf2 Qb2+ 35. Kg1 Qb4 36. g4 Bc4 0-1

[Event "HUN-chT2 Charousek 1314"]
[Site "Hungary"]
[Date "2014.04.27"]
[Round "11"]
[White "Takacs, Gergo"]
[Black "Janko, Zoltan"]
[Result "0-1"]
[WhiteElo "2277"]
[BlackElo "2272"]
[PlyCount "82"]
[EventDate "2013.09.08"]
[EventType "team-tourn"]
[EventRounds "11"]
[EventCountry "HUN"]
[SourceTitle "EXT 2016"]
[Source "ChessBase"]
[SourceDate "2015.10.08"]
[SourceVersion "1"]
[SourceVersionDate "2015.10.08"]
[SourceQuality "1"]
[WhiteTeam "Szombathely Haladas II"]
[BlackTeam "Geniusz Tata"]
[WhiteTeamCountry "HUN"]
[BlackTeamCountry "HUN"]

1. e4 c5 2. Nf3 e6 3. d4 cxd4 4. Nxd4 Nc6 5. Nxc6 bxc6 6. c4 Nf6 7. Bd3 e5 8. 0-0 Be7 9. b3 0-0 10. Bb2 Qc7 11. Nd2 a5 12. Qc2 Nh5 13. g3 d6 14. c5 d5 15. exd5 cxd5 16. Bxh7+ Kh8 17. Bf5 e4 18. Bxc8 Raxc8 19. Rac1 Qd7 20. Bd4 Qh3 21. Qc3 Rc6 22. f4 Rg6 23. Rf2 Nxg3 24. hxg3 Rxg3+ 25. Qxg3 Qxg3+ 26. Rg2 Qxf4 27. Bxg7+ Kh7 28. Bxf8 Bxf8 29. c6 Bc5+ 30. Kh1 e3 31. c7 exd2 32. Rxd2 Qxd2 33. c8Q Qxc1+ 34. Kg2 Qg1+ 35. Kf3 Qe3+ 36. Kg2 Qf2+ 37. Kh3 Bd6 38. Kg4 Qg3+ 39. Kh5 Qg6+ 40. Kh4 Be7+ 41. Kh3 Qe6+ 0-1

[Event "HUN-chT2 Charousek 1314"]
[Site "Hungary"]
[Date "2013.11.17"]
[Round "5"]
[White "Balazs, Gabor1111"]
[Black "Takacs, Gergo"]
[Result "1/2-1/2"]
[WhiteElo "2380"]
[BlackElo "2277"]
[PlyCount "36"]
[EventDate "2013.09.08"]
[EventType "team-tourn"]
[EventRounds "11"]
[EventCountry "HUN"]
[SourceTitle "EXT 2016"]
[Source "ChessBase"]
[SourceDate "2015.10.08"]
[SourceVersion "1"]
[SourceVersionDate "2015.10.08"]
[SourceQuality "1"]
[WhiteTeam "Paks ASE II"]
[BlackTeam "Szombathely Haladas II"]
[WhiteTeamCountry "HUN"]
[BlackTeamCountry "HUN"]

1. d4 Nf6 2. c4 e6 3. Nc3 Bb4 4. e3 b6 5. Bd3 Bb7 6. Nf3 0-0 7. 0-0 Bxc3 8. bxc3 Ne4 9. Nd2 Nxd2 10. Bxd2 f5 11. f3 d6 12. Qc2 Nd7 13. e4 Qf6 14. Rae1 c5 15. d5 Ne5 16. f4 Nxd3 17. Qxd3 fxe4 18. Qxe4 Rae8 1/2-1/2

[Event "HUN-chT2 Charousek 1314"]
[Site "Hungary"]
[Date "2013.11.03"]
[Round "4"]
[White "Antok, Daniel"]
[Black "Takacs, Gergo"]
[Result "1/2-1/2"]
[WhiteElo "2222"]
[BlackElo "2277"]
[PlyCount "25"]
[EventDate "2013.09.08"]
[EventType "team-tourn"]
[EventRounds "11"]
[EventCountry "HUN"]
[SourceTitle "EXT 2016"]
[Source "ChessBase"]
[SourceDate "2015.10.08"]
[SourceVersion "1"]
[SourceVersionDate "2015.10.08"]
[SourceQuality "1"]
[WhiteTeam "Budapest EAC"]
[BlackTeam "Szombathely Haladas II"]
[WhiteTeamCountry "HUN"]
[BlackTeamCountry "HUN"]

1. e4 c5 2. Nf3 d6 3. d4 cxd4 4. Nxd4 Nf6 5. Nc3 a6 6. Bc4 e6 7. Bb3 Qc7 8. f4 Nc6 9. Be3 Be7 10. Qf3 Bd7 11. f5 Nxd4 12. Bxd4 Rc8 13. 0-0 1/2-1/2

[Event "HUN-chT2 Charousek 1213"]
[Site "Hungary"]
[Date "2012.12.02"]
[Round "5"]
[White "Takacs, Gergo"]
[Black "Monda, Laszlo"]
[Result "1-0"]
[WhiteElo "2264"]
[BlackElo "2122"]
[PlyCount "89"]
[EventDate "2012.09.16"]
[EventType "team-tourn"]
[EventRounds "11"]
[EventCountry "HUN"]
[SourceTitle "EXT 2014"]
[Source "ChessBase"]
[SourceDate "2013.11.20"]
[SourceVersion "1"]
[SourceVersionDate "2013.11.20"]
[SourceQuality "1"]
[WhiteTeam "Haladas II"]
[BlackTeam "Kobanya Aquarena"]
[WhiteTeamCountry "HUN"]
[BlackTeamCountry "HUN"]

1. e4 c5 2. Nf3 e6 3. d4 cxd4 4. Nxd4 a6 5. Bd3 Qc7 6. Qe2 Bd6 7. Be3 Nc6 8. Nxc6 dxc6 9. Nd2 b5 10. c4 Nf6 11. h3 Be5 12. Rb1 0-0 13. 0-0 Rd8 14. f4 Bd4 15. Bxd4 Rxd4 16. Nf3 Rd8 17. Qe3 bxc4 18. Bxc4 Qa7 19. Rfe1 Bb7 20. Qxa7 Rxa7 21. Kf2 c5 22. e5 Ne4+ 23. Ke3 Ng3 24. Rbc1 a5 25. Red1 Raa8 26. Bd3 Rac8 27. Kf2 Nh5 28. g3 Bd5 29. b3 h6 30. Rc3 Kf8 31. Rdc1 Rc7 32. Be2 g6 33. Rxc5 Rxc5 34. Rxc5 a4 35. bxa4 Bxa2 36. a5 Ng7 37. g4 Ne8 38. a6 Rd5 39. a7 Rd8 40. Rb5 Nc7 41. Rb7 Na8 42. Rb8 Ke7 43. Ke3 Bd5 44. Nd4 Rd7 45. Bb5 1-0

[Event "HUN-chT2 Charousek 1112"]
[Site "Hungary"]
[Date "2012.04.22"]
[Round "9"]
[White "Berta, Tibor"]
[Black "Takacs, Gergo"]
[Result "0-1"]
[WhiteElo "2053"]
[BlackElo "2238"]
[PlyCount "76"]
[EventDate "2011.09.25"]
[EventType "team-tourn"]
[EventRounds "11"]
[EventCountry "HUN"]
[SourceTitle "EXT 2013"]
[Source "ChessBase"]
[SourceDate "2012.11.22"]
[SourceVersion "1"]
[SourceVersionDate "2012.11.22"]
[SourceQuality "1"]
[WhiteTeam "Paks II"]
[BlackTeam "Haladas II"]
[WhiteTeamCountry "HUN"]
[BlackTeamCountry "HUN"]

1. d4 Nf6 2. Nf3 b6 3. Bf4 Bb7 4. e3 e6 5. Bd3 Be7 6. 0-0 0-0 7. c4 d5 8. Nc3 Nbd7 9. Qe2 Ne4 10. Rfd1 Ndf6 11. Rac1 Nxc3 12. bxc3 Ne4 13. cxd5 exd5 14. c4 Bd6 15. Bxd6 Qxd6 16. Qc2 Rac8 17. c5 Qe7 18. Qb3 Rcd8 19. cxb6 cxb6 20. Rc2 Rc8 21. Rdc1 Qd6 22. Ne5 Rxc2 23. Qxc2 f6 24. Nf3 Rc8 25. Qb2 Rc6 26. Bb5 Rc7 27. Bd3 Qd8 28. Kf1 Qc8 29. Rxc7 Qxc7 30. g3 Nd6 31. Ke2 Nc4 32. Qc2 h6 33. Qb3 Bc8 34. Ne1 a6 35. f3 b5 36. a4 Qa5 37. axb5 Qd2+ 38. Kf1 Bh3+ 0-1

[Event "HUN-chT2 Charousek 1112"]
[Site "Hungary"]
[Date "2011.11.13"]
[Round "3"]
[White "Vargyas, Zoltan"]
[Black "Takacs, Gergo"]
[Result "0-1"]
[WhiteElo "2102"]
[BlackElo "2238"]
[PlyCount "68"]
[EventDate "2011.09.25"]
[EventType "team-tourn"]
[EventRounds "11"]
[EventCountry "HUN"]
[SourceTitle "EXT 2013"]
[Source "ChessBase"]
[SourceDate "2012.11.22"]
[SourceVersion "1"]
[SourceVersionDate "2012.11.22"]
[SourceQuality "1"]
[WhiteTeam "Balatonfuered"]
[BlackTeam "Haladas II"]
[WhiteTeamCountry "HUN"]
[BlackTeamCountry "HUN"]

1. d4 Nf6 2. c4 e6 3. Nc3 Bb4 4. e3 0-0 5. Nge2 b6 6. a3 Bxc3+ 7. Nxc3 Bb7 8. Bd3 d5 9. 0-0 Nbd7 10. b4 Ne4 11. Bb2 Qg5 12. f4 Qh4 13. Bxe4 dxe4 14. f5 exf5 15. Rxf5 Qh6 16. Qe1 Qe6 17. Qf1 g6 18. Rf4 f5 19. Nb5 g5 20. Nxc7 Qg6 21. Rf2 Rac8 22. Nb5 a6 23. Nc3 f4 24. Nd1 Nf6 25. h3 Nh5 26. d5 Ng3 27. Qe1 Rxc4 28. Qd2 Qd6 29. Nc3 Nf5 30. Re1 f3 31. gxf3 Nh4 32. Nxe4 Rxe4 33. fxe4 Qg3+ 34. Kf1 Qg2+ 0-1

[Event "HUN-chT2 Charousek 1011"]
[Site "Hungary"]
[Date "2011.05.15"]
[Round "11"]
[White "Takacs, Gergo"]
[Black "Toth, Gergely"]
[Result "1-0"]
[WhiteElo "2227"]
[BlackElo "2131"]
[PlyCount "69"]
[EventDate "2010.09.12"]
[EventType "team-tourn"]
[EventRounds "11"]
[EventCountry "HUN"]
[SourceTitle "EXT 2012"]
[Source "ChessBase"]
[SourceDate "2011.11.24"]
[SourceVersion "1"]
[SourceVersionDate "2011.11.24"]
[SourceQuality "1"]
[WhiteTeam "Haladas II"]
[BlackTeam "Paks II"]
[WhiteTeamCountry "HUN"]
[BlackTeamCountry "HUN"]

1. e4 c5 2. Nf3 d6 3. d4 cxd4 4. Qxd4 a6 5. Bg5 Nc6 6. Qd2 h6 7. Be3 Nf6 8. Nc3 g6 9. h3 Bg7 10. Nd4 Nxd4 11. Bxd4 Be6 12. f3 0-0 13. g4 Qa5 14. h4 Rfc8 15. g5 hxg5 16. hxg5 Nh5 17. Bxg7 Kxg7 18. f4 Nxf4 19. Qxf4 Rxc3 20. bxc3 Qxc3+ 21. Kf2 Qxa1 22. Qh4 Rc8 23. Bc4 Qd4+ 24. Kf3 Kf8 25. Qh6+ Qg7 26. Bxe6 fxe6 27. Qh8+ Qg8 28. Kg4 Rc5 29. Rf1+ Rf5 30. Qxg8+ Kxg8 31. exf5 exf5+ 32. Kf3 Kf7 33. Rh1 Kg7 34. c4 e5 35. Rd1 1-0

[Event "HUN-chT2 Charousek 1011"]
[Site "Hungary"]
[Date "2011.03.27"]
[Round "7"]
[White "Forgacs, Attila"]
[Black "Takacs, Gergo"]
[Result "1/2-1/2"]
[WhiteElo "2237"]
[BlackElo "2227"]
[PlyCount "68"]
[EventDate "2010.09.12"]
[EventType "team-tourn"]
[EventRounds "11"]
[EventCountry "HUN"]
[SourceTitle "EXT 2012"]
[Source "ChessBase"]
[SourceDate "2011.11.24"]
[SourceVersion "1"]
[SourceVersionDate "2011.11.24"]
[SourceQuality "1"]
[WhiteTeam "Balatonfuered"]
[BlackTeam "Haladas II"]
[WhiteTeamCountry "HUN"]
[BlackTeamCountry "HUN"]

1. e4 c6 2. Ne2 d5 3. e5 Bf5 4. Ng3 Bg6 5. h4 h6 6. h5 Bh7 7. e6 Qd6 8. exf7+ Kxf7 9. d4 e5 10. dxe5 Qxe5+ 11. Be2 Bc5 12. Nd2 Nf6 13. Rh4 Re8 14. Nb3 Bb6 15. Kf1 Kg8 16. Bf4 Qe7 17. Rh3 Nbd7 18. Bd3 Bxd3+ 19. Qxd3 Ng4 20. Nf5 Qf6 21. Rg3 Re4 22. Rxg4 Qxf5 23. Qg3 Rf8 24. Rxg7+ Kh8 25. Rxd7 Rg8 26. Qc3+ d4 27. Nxd4 Qxd7 28. Nxc6+ Kh7 29. Ne5 Qb5+ 30. Qd3 Qxd3+ 31. Nxd3 Rc8 32. Re1 Rxe1+ 33. Nxe1 Rf8 34. g3 Rf5 1/2-1/2

[Event "HUN-chT2 Charousek 1011"]
[Site "Hungary"]
[Date "2010.11.21"]
[Round "6"]
[White "Takacs, Gergo"]
[Black "Bottyan, Peter"]
[Result "1/2-1/2"]
[WhiteElo "2227"]
[BlackElo "2245"]
[PlyCount "92"]
[EventDate "2010.09.12"]
[EventType "team-tourn"]
[EventRounds "11"]
[EventCountry "HUN"]
[SourceTitle "EXT 2012"]
[Source "ChessBase"]
[SourceDate "2011.11.24"]
[SourceVersion "1"]
[SourceVersionDate "2011.11.24"]
[SourceQuality "1"]
[WhiteTeam "Haladas II"]
[BlackTeam "Kisber Aszar"]
[WhiteTeamCountry "HUN"]
[BlackTeamCountry "HUN"]

1. e4 e6 2. d4 d5 3. Nd2 Nc6 4. Ngf3 Nf6 5. e5 Nd7 6. Bd3 f6 7. exf6 Qxf6 8. Nb3 Nb4 9. 0-0 Nxd3 10. Qxd3 Bd6 11. Bg5 Qf5 12. Qxf5 exf5 13. Rfe1+ Kf7 14. Ne5+ Bxe5 15. dxe5 Nf8 16. Nd4 a6 17. Rad1 h6 18. Bd8 Ne6 19. Nxe6 Bxe6 20. Bxc7 Rhc8 21. Ba5 Rxc2 22. Bc3 Rc8 23. g3 Rc4 24. a3 f4 25. Rd3 g5 26. Red1 Re4 27. gxf4 gxf4 28. R3d2 Re2 29. Rxc2 Rxc2 30. Kg2 Bf5 31. Rd2 Ke6 32. Rxc2 Bxc2 33. f3 Bd1 34. Kf2 h5 35. h4 a5 36. Bd4 a4 37. Bc3 Kf5 38. Bd4 Ke6 39. Bc3 Kf5 40. Bd4 Ke6 41. Bc3 Bc2 42. Ke2 Bb1 43. Bd4 Ba2 44. Bc3 Bc4+ 45. Ke1 Bb5 46. Kf2 Bc4 1/2-1/2

[Event "HUN-chT2 Charousek 1011"]
[Site "Hungary"]
[Date "2010.10.10"]
[Round "3"]
[White "Sipos, Janos"]
[Black "Takacs, Gergo"]
[Result "0-1"]
[WhiteElo "2314"]
[BlackElo "2227"]
[PlyCount "54"]
[EventDate "2010.09.12"]
[EventType "team-tourn"]
[EventRounds "11"]
[EventCountry "HUN"]
[SourceTitle "EXT 2012"]
[Source "ChessBase"]
[SourceDate "2011.11.24"]
[SourceVersion "1"]
[SourceVersionDate "2011.11.24"]
[SourceQuality "1"]
[WhiteTeam "Aquaprofit II"]
[BlackTeam "Haladas II"]
[WhiteTeamCountry "HUN"]
[BlackTeamCountry "HUN"]

1. Nf3 c5 2. b3 b6 3. Bb2 Bb7 4. c4 e6 5. e3 Nf6 6. Be2 Be7 7. d4 cxd4 8. exd4 0-0 9. 0-0 d5 10. Ne5 Nc6 11. Nd2 Rc8 12. Rc1 dxc4 13. Ndxc4 Nd5 14. Bf3 b5 15. Nd2 Bg5 16. Nxc6 Bxc6 17. Rc5 Qa5 18. Ne4 Be7 19. Qa1 Bxc5 20. dxc5 f6 21. Nd6 Rc7 22. Re1 Nf4 23. Bxc6 Rxc6 24. Bc3 b4 25. Bd4 e5 26. Bxe5 fxe5 27. Qxe5 Qxc5 0-1

[Event "HUN-chT2 Charousek 0809"]
[Site "Hungary"]
[Date "2009.04.19"]
[Round "11"]
[White "Takacs, Gergo"]
[Black "Gal, Tibor"]
[Result "1-0"]
[WhiteElo "2198"]
[BlackElo "2004"]
[PlyCount "75"]
[EventDate "2008.10.26"]
[EventType "team-tourn"]
[EventRounds "11"]
[EventCountry "HUN"]
[SourceTitle "EXT 2010"]
[Source "ChessBase"]
[SourceDate "2010.11.25"]
[SourceVersion "1"]
[SourceVersionDate "2010.11.25"]
[SourceQuality "1"]
[WhiteTeam "Haladas II"]
[BlackTeam "Sarvar"]
[WhiteTeamCountry "HUN"]
[BlackTeamCountry "HUN"]

1. e4 c5 2. Nf3 Nc6 3. d4 cxd4 4. Nxd4 Nf6 5. Nc3 d6 6. Bc4 Qb6 7. Nb3 e6 8. Be3 Qc7 9. Qe2 a6 10. a4 Ne5 11. Bd3 Bd7 12. 0-0 Bc6 13. a5 Nxd3 14. cxd3 d5 15. Bb6 Qf4 16. g3 Qb8 17. f4 dxe4 18. dxe4 Bb4 19. Nd4 Nd7 20. Qc4 Nxb6 21. axb6 Qd6 22. Nxc6 Bc5+ 23. Kg2 Qxc6 24. Na4 Bd6 25. Qxc6+ bxc6 26. Rac1 Ke7 27. Rxc6 Rac8 28. Rfc1 Rxc6 29. Rxc6 Kd7 30. Rc3 Rb8 31. e5 Be7 32. Rc7+ Ke8 33. Ra7 Bd8 34. b7 a5 35. Nc5 Ke7 36. Na6 Bb6 37. Nxb8 Bxa7 38. Nc6+ 1-0

[Event "HUN-chT2 Szechenyi 0809"]
[Site "Hungary"]
[Date "2009.01.25"]
[Round "6.1"]
[White "Bubits, Bence"]
[Black "Takacs, Gergo"]
[Result "0-1"]
[WhiteElo "2034"]
[BlackElo "2198"]
[PlyCount "70"]
[EventDate "2008.10.26"]
[EventType "team-tourn"]
[EventRounds "11"]
[EventCountry "HUN"]
[SourceTitle "EXT 2010"]
[Source "ChessBase"]
[SourceDate "2010.11.25"]
[SourceVersion "1"]
[SourceVersionDate "2010.11.25"]
[SourceQuality "1"]
[WhiteTeam "Baki Agrocentrum"]
[BlackTeam "Haladas"]
[WhiteTeamCountry "HUN"]
[BlackTeamCountry "HUN"]

1. d4 Nf6 2. g3 d5 3. Nf3 e6 4. Bg2 c5 5. 0-0 Be7 6. c4 0-0 7. Qc2 b6 8. Rd1 Bb7 9. b3 Na6 10. Nc3 Qc8 11. cxd5 exd5 12. Ba3 Nb4 13. Qb2 a5 14. Rac1 Ne4 15. Bxb4 axb4 16. Nxe4 dxe4 17. Nd2 e3 18. fxe3 Bg5 19. Nf1 Bxg2 20. Kxg2 Qb7+ 21. d5 Rfd8 22. Qe5 Bf6 23. Qe4 Rxa2 24. Qf3 Bc3 25. Rb1 Qa6 26. d6 Rxe2+ 27. Kg1 Ra2 28. g4 Qe2 29. Qe4 Qc2 30. Qf3 g6 31. g5 b5 32. Qg3 Be5 33. Qh3 Rxd6 34. Rxd6 Bxd6 35. Re1 Qf2+ 0-1

[Event "HUN-chT2 Charousek 0809"]
[Site "Hungary"]
[Date "2008.11.02"]
[Round "2"]
[White "Takacs, Gergo"]
[Black "Neber, Akos"]
[Result "1-0"]
[WhiteElo "2198"]
[BlackElo "2169"]
[PlyCount "67"]
[EventDate "2008.10.26"]
[EventType "team-tourn"]
[EventRounds "11"]
[EventCountry "HUN"]
[SourceTitle "EXT 2010"]
[Source "ChessBase"]
[SourceDate "2010.11.25"]
[SourceVersion "1"]
[SourceVersionDate "2010.11.25"]
[SourceQuality "1"]
[WhiteTeam "Haladas II"]
[BlackTeam "Szenna Pack"]
[WhiteTeamCountry "HUN"]
[BlackTeamCountry "HUN"]

1. e4 e6 2. d4 d5 3. Nd2 Nf6 4. e5 Nfd7 5. Bd3 c5 6. c3 Nc6 7. Ngf3 cxd4 8. cxd4 Qb6 9. 0-0 Nxd4 10. Nxd4 Qxd4 11. Nf3 Qb6 12. Qa4 Qb4 13. Qc2 Qc5 14. Qa4 Qb4 15. Qc2 Qc5 16. Qe2 h6 17. Be3 Qa5 18. a3 Be7 19. Rac1 Qd8 20. Rc3 Kf8 21. Rfc1 Nb6 22. Bb5 g6 23. b4 Kg7 24. h4 Nc4 25. Bxc4 dxc4 26. Rd1 Qe8 27. Qxc4 Bd7 28. Qf4 Bc6 29. Bc5 a6 30. Rdc1 Rd8 31. Nd4 Bd5 32. Bxe7 Qxe7 33. Rc7 Rd7 34. Qf6+ 1-0